000 02029nam0a2200349 4500
001 RU\NLR\BIBL_A\011369485
005 20260407092212.0
010 _a5-89123-186-7
_bНОРМА
010 _a5-86225-705-5
_bИНФРА-М
_930 000
035 _a(NLR Aleph) 011369485
090 _a11342924
_c11342924
100 _a20170418d2000 |||y0rusy50 ca
101 0 _arus
102 _aRU
105 _ay j 000zy
200 1 _aКультура русской речи
_eучебник для вузов
_f[Виноградов С.И., к.филол.н., Граудина Л.К., д.филол.н., проф., Даниленко В.П., д.филол.н. и др.]
_gответственные редакторы - д.филол.н., проф. Л.К. Граудина и д.филол.н., проф. Е.Н. Ширяев
_gРоссийская академия наук, Институт русского языка им. В.В. Виноградова
210 _aМосква
_cНОРМА
_cИНФРА-М
_d2000
215 _aX, 549 с.
_d22
300 _aАвт. указаны на V -й с.
320 _aБиблиогр. в конце глав и в подстроч. примеч.
606 1 _aРусский язык
_jУчебники для высших учебных заведений
_xКультура речи
_91542537
_3RU\NLR\AUTH\66973867
686 1 _aШ141.12-923-72
701 1 _8rus
_7ca
_aВиноградов
_bС. И.
_cфилолог
_3RU\NLR\AUTH\777913
_9117837
701 1 _8rus
_7ca
_aГраудина
_bЛ. К.
_f1931-
_gЛюдмила Карловна
_3RU\NLR\AUTH\777912
_9117836
701 1 _aДаниленко
_bВ. И.
702 1 _4340
_8rus
_7ca
_aГраудина
_bЛ. К.
_f1931-
_gЛюдмила Карловна
_3RU\NLR\AUTH\777912
_9117836
712 0 2 _4570
_aИнститут русского языка им. В. В. Виноградова
_cМосква
_3RU\NLR\AUTH\8818289
_9309772
942 _cBOOK
980 _aNB